Set-valued analysis and differential inclusions : a collection of papers resulting from a workshop held in Pamporovo, Bulgaria, September, 1990

Αποθηκεύτηκε σε:
Λεπτομέρειες βιβλιογραφικής εγγραφής
Άλλοι συγγραφείς: Kurzhanski, Alexander (Επιμελητής έκδοσης), Veliov, Vladimir M. (Επιμελητής έκδοσης)
Μορφή: Βιβλίο
Γλώσσα:English
Δημοσίευση: Boston : IIASA , c1993.
Σειρά:Progress in systems and control theory ; 16
Θέματα:
Ετικέτες: Προσθήκη ετικέτας
Δεν υπάρχουν, Καταχωρήστε ετικέτα πρώτοι!

MARC

LEADER 00000cam a2200000 i 4500
001 1/45030
008 950529s1993 mau ||| | eng||
020 |a 0817637338 
035 |a 1995  |c ΑΥΓΕΡΙΝΟΣ  |l 10042433 
040 |a GR-MyUA  |b gre  |e AACR2 
041 0 |a eng 
082 0 |a 515.35  
245 1 0 |a Set-valued analysis and differential inclusions :   |b a collection of papers resulting from a workshop held in Pamporovo, Bulgaria, September, 1990 /   |c Alexander B. Kurzhanski, Vladimir M. Veliov, editors.  
260 |a Boston :   |b IIASA ,   |c c1993.  
300 |a x, 199 σ. ;   |c 25 εκ.  
490 1 |a (Progress in systems and control theory   |v ; 16) 
504 |a Περιέχει βιβλιογραφικές παραπομπές.  
650 0 0 |a Set-valued maps  |x Congresses. 
650 0 0 |a Differential inclusions  |x Congresses. 
650 0 0 |a Control theory  |x Congresses. 
700 1 |a Kurzhanski, Alexander,  |e edt 
700 1 |a Veliov, Vladimir M.  |e edt 
830 0 |a Progress in systems and control theory ;  |v  16 
852 |a INST  |b SAMOS  |e 19950529  |h 515.35 SET  |p 005300005499  |q 005300005499  |t BK  |y 0 
909 |a Σ  |b 038998